Statistics for Bee Swarm Simulator Quiz

Click here to take the quiz!

General Stats

  • This quiz has been taken 14 times
  • The average score is 10 of 14

Answer Stats

QuestionAnswer% Correct
How many moon tokens do you need for a Moon amulet?100
91%
How many bees do you need to go to the ant challenge?20
91%
How many stingers do you need for vicious bee?250
82%
How many bees do you need to see Onett's quests?30
82%
How many types of bees are there?46
82%
What is the best/strongest boss?Coconut Crab
82%
Who created bee swarm?Onett
82%
What type of bee is needed for a Meteor Shower?Mythic
73%
How do you talk to stick bug?Translator
73%
What is the most used hive color?White
73%
Every how many hours can you summon a Meteor Shower?22
55%
What is the best bear?Spirit Bear
55%
What is the best harvesting tool?Porcelain Dipper
45%
What is the most popular macro?Natro Maco
9%

Score Distribution

Percentile by Number Answered

Percent of People with Each Score

Your Score History

You have not taken this quiz